| 000 | 00849nam a2200229 u 4500 | ||
|---|---|---|---|
| 005 | 20240621063658.0 | ||
| 008 | 181002s2017 r 000 0 eng d | ||
| 020 | _a9786079470890 | ||
| 035 | _aUPN01000226997 | ||
| 049 | _aCG | ||
| 050 | 4 |
_aJV7401 _bI4.6 |
|
| 245 | 0 | 3 |
_aEl impacto de la migración a Estados Unidos en comunidades de origen en México : _ba través de relaciones : estudios de historia y sociedad / _ccomp. Rafael Alarcón Acosta. |
| 260 |
_aZamora, Mich. : _bEl Colegio de Michoacán, _cc2017. |
||
| 300 |
_a436 p. : _bil., cuadros |
||
| 440 | 0 | _aTextos escogidos | |
| 651 | 4 |
_aMéxico _xEmigración e inmigración _97931 |
|
| 651 | 4 |
_aEstados Unidos _xEmigración e inmigración _915551 |
|
| 650 | 4 |
_aMexicanos en los Estados Unidos _94447 |
|
| 700 | 1 |
_aAlarcón Acosta, Rafael, _ecomp. |
|
| 905 | _aLibro | ||
| 999 |
_c199093 _d199093 |
||